Normal view
MARC view
- Mazhar Ansari Dehlvi
Entry Personal Name
001 - CONTROL NUMBER
- control field: 124852
003 - CONTROL NUMBER IDENTIFIER
- control field: NUST
005 - DATE AND TIME OF LATEST TRANSACTION
- control field: 20240729150349.0
008 - FIXED-LENGTH DATA ELEMENTS
- fixed length control field: 240729|| aca||aabn | a|a d
040 ## - CATALOGING SOURCE
- Original cataloging agency: NUST
- Transcribing agency: NUST
100 ## - HEADING--PERSONAL NAME
- Personal name: Mazhar Ansari Dehlvi
670 ## - SOURCE DATA FOUND
- Source citation: Work cat.: (NUST): Mazhar Ansari Dehlvi, Alla Uddin Khilji, 2010.
